NPB 日本プロ野球 12球団最後の首位打者 - Statistics

General Stats
  • This quiz has been taken 725 times
    547 since last reset
  • The average score is 8 of 12
Answer Stats
球団名 選手名(獲得年) 記録 % Correct
福岡ソフトバンクホークス 牧原大成(2025) .304
82%
東京ヤクルトスワローズ 村上宗隆(2022) .318
81%
横浜DeNAベイスターズ オースティン(2024) .316
75%
読売ジャイアンツ 坂本勇人(2016) .344
74%
オリックス・バファローズ 頓宮裕真(2023) .307
68%
広島東洋カープ 小園海斗(2025) .309
66%
北海道日本ハムファイターズ 松本剛(2022) .347
64%
埼玉西武ライオンズ 森友哉(2019) .329
61%
阪神タイガース マートン(2014) .338
60%
千葉ロッテマリーンズ 角中勝也(2016) .339
59%
中日ドラゴンズ ビシエド(2018) .348
58%
東北楽天ゴールデンイーグルス 鉄平(2009) .327
48%
No matching quizzes found
Score Distribution
Percent of People with Each Score
Percentile by Number Answered
Your Score History
You have not taken this quiz since the last reset